| 000 | 00775nam a2200217 a 4500 | ||
|---|---|---|---|
| 001 | 000042270 | ||
| 005 | 20201002040037.0 | ||
| 008 | 131121s1993 sp c 001 0 spa d | ||
| 020 | _a8408010352 | ||
| 040 |
_aDO-SdBNP _bspa _cBNPHU |
||
| 082 |
_axx _bxxx |
||
| 100 | 1 |
_aVizcaíno Casas, Fernando _917846 |
|
| 245 | 1 | 0 |
_a1973, El año en que volaron a Carrero Blanco. / _cFernando Vizcaíno Casas. |
| 246 | 1 | _aMil novecientos setenta y tres, el año en que volaron a Carrero Blanco | |
| 260 |
_aBarcelona, : _bPlaneta, _c1993. |
||
| 300 |
_a313 p. : _bretrs. ; _c23 cm. |
||
| 490 | 1 |
_aEspejo de España _v164 |
|
| 500 | _aIncluye índice onomástico | ||
| 500 | _aIncluye datos biografícos del autor en la solapa de la portada. | ||
| 830 | 0 |
_aEspejo de España _v164 _964193 |
|
| 999 |
_c41759 _d41759 |
||